Words That Rhyme With Orange - Statistics

General Stats
  • This quiz has been taken 31 times
  • The average score is 7 of 20
Answer Stats
Answer % Correct
Binge
76%
Hinge
72%
Singe
69%
Cringe
66%
Fringe
66%
Minge
62%
Tinge
59%
Dinge
55%
Winge
55%
Syringe
45%
Whinge
38%
Inge
31%
Impinge
10%
Klinge
10%
Sporange
10%
Synge
7%
Twinge
7%
Infringe
3%
Unhinge
3%
Vinje
3%
No matching quizzes found
Score Distribution
Percent of People with Each Score
Percentile by Number Answered
Your Score History
You have not taken this quiz